Loading...

Management development and training handbook

Bibliographic Details
Main Author: Lippitt, Gordon L
Other Authors: Taylor, Bernard
Format: Printed Book
Language:Undetermined
English
Published: U K Mc Graw- Hill Book Company Inc 1975
Subjects:
LEADER 00612nam a2200181Ia 4500
008 140306s9999 xx 000 0 und d
020 |a 0070844461 
041 |a eng 
082 |a 658.407 124  |b TAY 
100 |a Lippitt, Gordon L 
245 |a Management development and training handbook 
260 |a U K  |b Mc Graw- Hill Book Company Inc  |c 1975 
300 |a 650 
650 |a Management development 
700 |a Taylor, Bernard 
942 |2 ddc  |c BK 
999 |c 68111  |d 68111 
952 |0 0  |1 0  |2 ddc  |4 0  |6 658_407000000000000_124_TAY  |7 0  |9 74458  |a KAUACV  |b KAUACV  |d 2004-05-31  |o 658.407 124 TAY  |p KAU_ACV-15519  |r 2014-03-22  |w 2014-03-22  |y BK